| 000 | 00560nmm a2200193Ia 4500 | ||
|---|---|---|---|
| 008 | 251105s9999||||xx |||||||||||||||||und|| | ||
| 020 | _a9788498957624 | ||
| 041 | _aspa | ||
| 100 | _aChen, Guojian | ||
| 245 | 0 |
_aAntología de poetas prostitutas chinas : _b Siglo V - Siglo XXI |
|
| 264 |
_a[Madrid, España] : _bVisor Libros, _c2011 |
||
| 300 | _a155 páginas | ||
| 490 | _aVisor de Poesía | ||
| 650 | _aOther poetry | ||
| 700 | _aChen, Guojian | ||
| 700 | 1 | _a Chen, Guojian | |
| 856 | _uhttps://public.digitaliapublishing.com/a/41177 | ||
| 942 | _cCF | ||
| 999 |
_c63952 _d63952 |
||